Lettre par Lettre - Pays #3 - Statistiques

Statistiques générales
  • Ce quiz a été pris 498 fois
  • Le résultat moyen est 32 sur 40
Statistiques - réponses
Réponse % Correct
A
99%
M
96%
C
94%
S
94%
Ma
91%
Z
90%
Mal
88%
Mala
85%
Co
84%
An
83%
Zi
82%
Zim
82%
Zimb
82%
Zimba
81%
Zimbab
81%
Zimbabw
81%
Zimbabwe
80%
Malaw
78%
Malawi
78%
Sl
77%
And
76%
Ando
76%
Andor
76%
Cor
76%
Andorr
75%
Andorre
75%
Slo
74%
Slov
74%
Coré
73%
Corée
73%
Slove
73%
Sloven
73%
Sloveni
73%
Corée d
72%
Corée du
72%
Slovenie
72%
Corée du N
71%
Corée du No
70%
Corée du Nor
69%
Corée du Nord
67%
Aucun quiz correspondant
Distribution des résultats
% des personnes avec chaque résultat
Percentile par nombre de réponses
Votre historique - résultats
Vous n’avez pas pris ce quiz